Statistics for Double O Vocabulary Words

Click here to take the quiz!

General Stats

  • This quiz has been taken 37,777 times
    (25,718 since last reset)
  • The average score is 15 of 22

Answer Stats

DefinitionWord% Correct
Popular Australian animalKangaroo
98%
House made of snowIgloo
94%
Panda's food of choiceBamboo
94%
Type of bird or clockCuckoo
90%
Old West barSaloon
87%
KissSmooch
80%
Hangman's ropeNoose
79%
To scribble or draw aimlesslyDoodle
78%
Seasonal, south Asian wind
accompanied by heavy rains
Monsoon
74%
Fancy breed of dogPoodle
73%
To skip school is to play thisHookey
71%
Spongelike shower scrubberLoofah
64%
Last car on a trainCaboose
62%
To strand on an islandMaroon
58%
Double-reed instrumentBassoon
57%
Unruly soccer fanHooligan
52%
In journalism, to get a story firstScoop
51%
To become overwhelmed with
emotion; to faint
Swoon
47%
PlunderLoot
46%
ForbiddenTaboo
45%
Person who predicts the futureSoothsayer
28%
Person who borrows without repayingMooch
27%

Score Distribution

Percentile by Number Answered

Percent of People with Each Score

Your Score History

You have not taken this quiz since the last reset